000 00431pab a2200145 454500
008 180718b2005 xxu||||| |||| 00| 0 eng d
100 _aMalikarjun, M.
245 _aTechnical efficiency and economic reforms: a study of Andhra pradesh
260 _c2005
300 _ap.68-77.
650 _aEconomic reform - India - Andhra Pradesh
650 _aEconomic reform
773 _aIndian Journal of Regional Science
909 _a68465
999 _c68465
_d68465